Sports Quiz

Random Sports or French Quiz

Ligue 1 Players of the Month Quiz Stats

 Plays Quiz not verified by Sporcle

Challenge
Share
Tweet
Embed
Score 0/122 Timer 13:00
0 Plays Today
Year Player % Correct
2016-2017Edinson Cavani
96.4%
2016-2017Edinson Cavani
96.4%
2013-2014Zlatan Ibrahimović
96.4%
2013-2014Zlatan Ibrahimović
96.4%
2013-2014Zlatan Ibrahimović
96.4%
2012-2013Zlatan Ibrahimović
96.4%
2015-2016Zlatan Ibrahimović
96.3%
2016-2017Marco Verratti
92.4%
2016-2017Kylian Mbappé
90.8%
2016-2017Bernardo Silva
89.8%
2014-2015Alexandre Lacazette
89.7%
2014-2015Alexandre Lacazette
89.7%
2016-2017Alexandre Lacazette
89.5%
2009-2010Eden Hazard
87.9%
2010-2011Eden Hazard
87.9%
2011-2012Eden Hazard
87.7%
2011-2012Eden Hazard
87.7%
2015-2016Ángel Di María
86.7%
2012-2013Thiago Silva
86.5%
2011-2012Javier Pastore
85.1%
2014-2015Javier Pastore
85%
2014-2015Javier Pastore
85%
2014-2015Javier Pastore
85%
2013-2014Marco Verratti
81.7%
2012-2013Salvatore Sirigu
81.1%
2011-2012Salvatore Sirigu
80.9%
2016-2017Florian Thauvin
78.9%
2014-2015Lucas Moura
78.7%
2011-2012Pierre-Emerick Aubameyang
77.8%
2012-2013Pierre-Emerick Aubameyang
77.8%
2012-2013Pierre-Emerick Aubameyang
77.8%
2016-2017Thomas Lemar
76.7%
2007-2008Steve Mandanda
75.6%
2008-2009Steve Mandanda
75.6%
2003-2004Didier Drogba
72.3%
2003-2004Didier Drogba
72.3%
2015-2016Hatem Ben Arfa
71.3%
2004-2005Juninho Pernambucano
70.8%
2004-2005Juninho Pernambucano
70.8%
2006-2007Juninho Pernambucano
70.8%
2009-2010Hugo Lloris
70.1%
Year Player % Correct
2009-2010Hatem Ben Arfa
70.1%
2013-2014Dimitar Berbatov
68.7%
2008-2009André-Pierre Gignac
67.3%
2008-2009André-Pierre Gignac
67.3%
2016-2017Maxime Lopez
66.9%
2014-2015André-Pierre Gignac
66.3%
2013-2014Vincent Enyeama
65.4%
2013-2014Vincent Enyeama
65.4%
2003-2004Pedro Miguel Pauleta
64.8%
2007-2008Karim Benzema
64.1%
2007-2008Karim Benzema
64.1%
2012-2013Stéphane Ruffier
63.9%
2015-2016Lassana Diarra
63.9%
2005-2006Yoann Gourcuff
63.1%
2008-2009Yoann Gourcuff
63.1%
2015-2016Michy Batshuayi
62.8%
2003-2004Djibril Cissé
62.1%
2005-2006Grégory Coupet
61.2%
2009-2010Lisandro Lopez
60.7%
2004-2005Michael Essien
60.5%
2011-2012Younès Belhanda
57.4%
2012-2013Salomon Kalou
55.8%
2013-2014Salomon Kalou
55.5%
2010-2011Nenê
54.7%
2011-2012Nenê
54.7%
2003-2004Ludovic Giuly
53%
2003-2004Ludovic Giuly
53%
2003-2004Shabani Nonda
52%
2004-2005Fabien Barthez
51.4%
2004-2005Mamadou Niang
51.3%
2005-2006Mamadou Niang
51.2%
2007-2008Mamadou Niang
51.2%
2004-2005Franck Ribéry
49.6%
2005-2006Franck Ribéry
49.6%
2005-2006Franck Ribéry
49.5%
2005-2006Franck Ribéry
49.5%
2015-2016Ousmane Dembélé
48.6%
2006-2007Florent Malouda
48.5%
2006-2007Bafetimbi Gomis
48.4%
2010-2011Dimitri Payet
47.4%
2009-2010Lucho Gonzalez
44.3%
Year Player % Correct
2008-2009Stéphane Sessègnon
44.1%
2015-2016Sofiane Boufal
44%
2010-2011Mickaël Landreau
43.7%
2006-2007Johan Elmander
41.3%
2010-2011Mamadou Sakho
40.3%
2006-2007Samir Nasri
40%
2015-2016Guillaume Gillet
39.1%
2006-2007Jérémie Janot
37.9%
2009-2010Jérémie Janot
37.9%
2007-2008Jérôme Rothen
37.2%
2012-2013Darío Cvitanich
35.8%
2008-2009Guillaume Hoarau
35.6%
2008-2009Guillaume Hoarau
35.6%
2003-2004Viorel Moldovan
35%
2011-2012Milan Biševac
33.6%
2006-2007Steve Savidan
33.2%
2007-2008Kader Keita
32.9%
2009-2010Ireneusz Jelen
32.6%
2010-2011Marvin Martin
32.6%
2003-2004Juan Pablo Sorin
29.6%
2004-2005Peguy Luyindula
24.3%
2006-2007Peguy Luyindula
24.3%
2008-2009Peguy Luyindula
24.3%
2005-2006Daisuke Matsui
24.1%
2005-2006John Utaka
24%
2003-2004Danijel Ljuboja
23.6%
2007-2008Sébastien Puygrenier
23%
2010-2011Steeve Elana
22.3%
2014-2015Emiliano Sala
18.8%
2010-2011Clément Chantome
16.8%
2004-2005Frédéric Piquionne
15.1%
2006-2007Frédéric Piquionne
15.1%
2009-2010Karim Aït-Fana
13.4%
2007-2008David Bellion
10.5%
2004-2005Matt Moussilou
9.6%
2004-2005Camel Meriem
9.5%
2005-2006Jérôme Leroy
9.5%
2007-2008Jérôme Leroy
9.5%
2009-2010Fabrice Abriel
7%
2008-2009Olivier Echouafni
3.1%

You're not logged in!

Compare scores with friends on all Sporcle quizzes.
Join for Free
OR
Log In

You Might Also Like...

Show Comments

Extras

Top Quizzes Today


Score Distribution

Your Account Isn't Verified!

In order to create a playlist on Sporcle, you need to verify the email address you used during registration. Go to your Sporcle Settings to finish the process.

Report this User

Report this user for behavior that violates our Community Guidelines.

Details: